000 00650cam a2200217 4500500
005 20260405002814.0
041 _afre
042 _adc
100 1 0 _aEltchaninoff, Michel
_eauthor
245 0 0 _aLa Chine est-elle en train de devenir totalitaire ?
260 _c2018.
500 _a51
690 _aChine
690 _aCommunisme
690 _aHannah Arendt
690 _aOuïgours
690 _aTotalitarisme
690 _aXi Jinping
786 0 _nPhilosophie magazine | 124 | 11 | 2018-11-01 | p. 10-10 | 1951-1787
856 4 1 _uhttps://shs.cairn.info/magazine-philosophie-magazine-2018-11-page-10?lang=fr&redirect-ssocas=7080
999 _c2061297
_d2061297